000 00391cam a22001217a 4500
008 180718b1969 xxu||||| |||| 00| 0 eng d
082 _aXAx42 Un3
245 _aDevelopment control policy note : development in residential areas
_cby Ministry of Housing And Local Government Welsh office
260 _aLondon
_bHer Majesty's
_c1969
300 _a5p
650 _aHousing - U.K.
700 _aU.K.
999 _c414183
_d414183